Flags and Capitals of the “Land’s” - Sudden Death - Statistics

General Stats
  • This quiz has been taken 716 times
  • The average score is 11 of 14
Answers on the Grid
Answers color-coded by a green-red scale on the quiz's grid according to % correct below.
Bangkok
Bern
Bogota
Canberra
Dublin
Helsinki
Jakarta
London
Moscow
Ottawa
Reykjavik
Tehran
Warsaw
Wellington
 
Answer Stats
Answer % Correct
Switzerland
86%
Ireland
84%
Finland
80%
Thailand Bangkok
78%
Thailand
78%
Ireland Dublin
77%
Switzerland Bern
76%
Finland Helsinki
75%
Iceland
74%
Poland
73%
Iceland Reykjavik
70%
Poland Warsaw
70%
New Zealand
69%
New Zealand Wellington
67%
No matching quizzes found
Score Distribution
Percent of People with Each Score
Percentile by Number Answered
Your Score History
You have not taken this quiz